000 00491nam a2200145Ia 4500
008 220216s9999 xx 000 0 und d
100 _aLuke L P
245 0 _aPromising drought tolerance associated genes of Hevea brasiliensis
260 _bProceedings of 24th Kerala Science Congress, 29-31 January 2012, Rubber Research Institute of India, Kottayam, India, pp.223-255.
650 _aDrought tolerance
650 _aGenes
700 _aSathik M B M
700 _aThomas M
942 _cJS
999 _c65928
_d65928